| 000 | 00506nam a2200181Ia 4500 | ||
|---|---|---|---|
| 999 |
_c10722 _d10722 |
||
| 003 | OSt | ||
| 005 | 20191223153116.0 | ||
| 008 | 190216s9999||||xx |||||||||||||| ||und|| | ||
| 020 | _a8126109912 | ||
| 040 | _coclc | ||
| 082 |
_a336 _bGUP/P |
||
| 100 |
_aGupta, Alka _9705 |
||
| 245 | 0 |
_aPublic Finance And Tax Planning / _cAlka Gupta |
|
| 260 |
_bAnmol Publications, _c2001. _aNew Delhi: |
||
| 300 | _a459p | ||
| 650 | _aPublic Finance | ||
| 942 |
_cBK _2ddc _h336 _iGUP/P _k336 _mGUP/P |
||